Gaming Quiz

Random Gaming or Disney Quiz
Score 0/16 Timer 05:00
0 Plays Today
% Correct
LEGO Star Wars
99.6%
Aladdin
92.9%
Beavis and Butthead Milhouse
89.2%
Super Mario Bros.
89.2%
Kirk Van Houten Hulk
88.7%
Pokémon
88.6%
Nintendo Wii
88.6%
007 James Bond
87.4%
% Correct
Hot Wheels
87.2%
Planet of the Apes
85.8%
Supergirl
85.4%
SpongeBob SquarePants Kajiu
69.9%
PlayStation
64.6%
Zootopia Nick Wilde and Judy Hopps
61%
Playmobil
34.5%
Biker Mice from Mars
17.8%
Come Together.
Have Fun.
All Virtual.
We all need to come together. Play Sporcle's virtual live trivia to have fun, connect with people, and get your trivia on. Join a live hosted trivia game for your favorite pub trivia experience done virtually. If a virtual private party is more your thing, go here for details.

You're not logged in!

Compare scores with friends on all Sporcle quizzes.
OR
Log In

Sporcle TV

Today on Sporcle TV


Watch our educational content, quiz creation guides, and fun videos on Sporcle TV.

Show Comments

Extras

Top Quizzes Today


Score Distribution

Paid Content

Your Account Isn't Verified!

In order to create a playlist on Sporcle, you need to verify the email address you used during registration. Go to your Sporcle Settings to finish the process.

Report this User

Report this user for behavior that violates our Community Guidelines.

Details: